000 00700nam a22002291 4500
001 8563
003 BD-RjUL
005 20211208234618.0
008 140118r19661960njua 001 0 eng
035 _a(BD-RjUL)8608
040 _aDLC
_cDLC
_dDLC
_dBD-RjUL
_beng
041 _aeng
082 0 0 _a530
_bROP 1966
100 1 _aRogers, Eric M.
_926659
245 1 0 _aPhysics for the inquiring mind :
_bthe methods, nature, and philosophy of physical science /
_cEric M. Rogers.
260 _aPrinceton, N.J. :
_bPrinceton University Press,
_cc1960 [Reprint 1966].
300 _a778 p. :
_bill. ;
_c29 cm.
504 _aIncludes Index.
650 0 _aPhysics.
_926660
942 _2ddc
_cBK
999 _c8563
_d8563